000 00326nam a22001337a 4500
008 180906b xxu||||| |||| 00| 0 eng d
020 _a9780764598654
041 _aeng
080 _a821
100 _a23
101 _aFJA
245 _aWebsters New Compact Desk Dictionary And Style Guide
_cAgnes.m
942 _2udc
_cBK
999 _c47584
_d47584